Investigations in general Biology
Salvato in:
| Autore principale: | |
|---|---|
| Natura: | Libro |
| Lingua: | inglese |
| Pubblicazione: |
New York, USA
Academic
1970
|
| Soggetti: | |
| Tags: |
Aggiungi Tag
Nessun Tag, puoi essere il primo ad aggiungerne!!
|
MARC
| LEADER | 00000nam a2200000 a 4500 | ||
|---|---|---|---|
| 001 | UCT4916 | ||
| 003 | CL-VaPUC | ||
| 005 | 20230411074544.0 | ||
| 008 | 961127e19700000US |||||||||||||||||eng|d | ||
| 999 | |c 253999 |d 253997 | ||
| 040 | |c Pontificia Universidad Católica de Valparaíso | ||
| 082 | 0 | 4 | |a 570.724 ARM 1970 |2 21 |
| 100 | 0 | |a Armitage, Kenneth B |9 374160 | |
| 245 | 1 | 0 | |a Investigations in general Biology |
| 260 | 0 | 3 | |a New York, USA |b Academic |c 1970 |
| 300 | |a 204 páginas | ||
| 583 | |a last modification |c 19961127 00:00:00 |k Rodrigo Vera | ||
| 650 | 0 | |a Biología |9 262022 | |
| 650 | 0 | |a Investigación |9 257811 | |
| 650 | 0 | |a Células |9 269548 | |
| 650 | 0 | |a Plantas |9 264555 | |
| 650 | 7 | |a CRECIMIENTO |2 CL-VaPUC |9 374161 | |
| 650 | 0 | |a Genética |9 259443 | |
| 650 | 0 | |a Evolución |9 259442 | |
| 942 | |c BK |2 ddc | ||
| 945 | |d 19961127 00:00:00 |a paguirre | ||
| 952 | |0 0 |1 0 |2 ddc |4 0 |6 570_724000000000000_ARM_1970 |7 0 |8 A |9 275274 |a BIBCUR |b BIBCUR |d 2019-11-19 |i 1791605 |o 570.724 ARM 1970 |p 1791605 |r 2025-04-22 |t 1 |w 2019-11-19 |y BK |k BIO | ||